Μέτρα κινδύνου σε χώρους μετρήσιμων συναρτήσεων : πτυχιακή εργασία

Το πρόβλημα του ορισμού ενός μέτρου κινδύνου σε ένα συμπαγή αναδιατεταγμένο αναλλοίωτο υπόχωρο του L%5E0(Ω,F,P) χώρου τυχαίων μεταβλητών με σεβασμό σε κάποιο χώρο μέτρου χωρίς άτομα χώρο πιθανότητας (Ω,F,P)....

Πλήρης περιγραφή

Αποθηκεύτηκε σε:
Λεπτομέρειες βιβλιογραφικής εγγραφής
Κύριος συγγραφέας: Κάβουρα, Στέλλα
Συγγραφή απο Οργανισμό/Αρχή: Πανεπιστήμιο Αιγαίου. Σχολή Θετικών Επιστημών. Τμήμα Στατιστικής και Αναλογιστικών-Χρηματοοικονομικών Μαθηματικών
Μορφή: Thesis Βιβλίο
Γλώσσα:Greek
Δημοσίευση: 2015.
Θέματα:
Διαθέσιμο Online:http://hdl.handle.net/11610/7912
Ετικέτες: Προσθήκη ετικέτας
Δεν υπάρχουν, Καταχωρήστε ετικέτα πρώτοι!

MARC

LEADER 00000cam a2200000 a 4500
001 1/111004
008 160606s2015####gr | ||| |||| ||gre||
040 |a GR-MyUa  |b gre  |c GR-MyUa  |e AACR2 
041 0 |a gre 
082 7 |a 368.01   |2 (23)  
100 1 |a Κάβουρα, Στέλλα. 
245 1 0 |a Μέτρα κινδύνου σε χώρους μετρήσιμων συναρτήσεων :   |b πτυχιακή εργασία /   |c Στέλλα Κάβουρα ; επιβλέπων καθηγητής Χρήστος Κουντζάκης.  
260 |c 2015.  
300 |a 46 σ. ;   |c 30 εκ.  
502 |a Πτυχιακή εργασία - Πανεπιστήμιο Αιγαίου, Σάμος, 2015.  
504 |a Βιβλιογραφία: σ. 42-46.  
506 1 |a Διάθεση πλήρους κειμένου ;   |d Ενδοπανεπιστημιακή δημοσίευση.  
520 8 |a Το πρόβλημα του ορισμού ενός μέτρου κινδύνου σε ένα συμπαγή αναδιατεταγμένο αναλλοίωτο υπόχωρο του L%5E0(Ω,F,P) χώρου τυχαίων μεταβλητών με σεβασμό σε κάποιο χώρο μέτρου χωρίς άτομα χώρο πιθανότητας (Ω,F,P). 
520 8 |a The problem of the definition of a measure risk in a solid rearranged invariant subspace of L%5E0(Ω,F,P) space of random variables with respect to a measure space.  
540 |a Κλειδωμένη η δυνατότητα αντιγραφής (copy) κειμένου. 
650 0 |a Risk (Insurance) 
650 0 |a Function spaces. 
650 0 |a Dissertations, Academic  |z Greece. 
700 1 |a Κουντζάκης, Χρήστος,  |e dgs 
710 2 |a Πανεπιστήμιο Αιγαίου.   |b Σχολή Θετικών Επιστημών.   |b Τμήμα Στατιστικής και Αναλογιστικών-Χρηματοοικονομικών Μαθηματικών. 
852 |a INST  |b SAMOS  |c DIATR  |e 20160606  |h 368.01 ΚΑΒ  |p 005300043620  |q 005300043620  |t DIE  |y 23 
856 |u http://hdl.handle.net/11610/7912 
924 |a Κάβουρα  |b Στέλλα  |y Σάμος  |z 2015-06 
970 |a Κοσιέρης  |b Χρήστος  |z 06-06-2016